Genome mapping and sequencing / (Record no. 3275)

MARC details
000 -LEADER
fixed length control field 00768cam a2200229 a 4500
001 - CONTROL NUMBER
control field BD-DhSAU 3275
003 - CONTROL NUMBER IDENTIFIER
control field BD-DhSAU
005 - DATE AND TIME OF LATEST TRANSACTION
control field 20150204150700.0
008 - FIXED-LENGTH DATA ELEMENTS--GENERAL INFORMATION
fixed length control field 030901s2003 enka b 001 0 eng d
020 ## - INTERNATIONAL STANDARD BOOK NUMBER
International Standard Book Number 1898486506
040 ## - CATALOGING SOURCE
Original cataloging agency BD-DhSAU
082 ## - DEWEY DECIMAL CLASSIFICATION NUMBER
Classification number 572.8633
Edition number 22
Item number GEN
245 00 - TITLE STATEMENT
Title Genome mapping and sequencing /
Statement of responsibility, etc. edited by Ian Dunham.
260 ## - PUBLICATION, DISTRIBUTION, ETC. (IMPRINT)
Place of publication, distribution, etc. Wymondham :
Name of publisher, distributor, etc. Horizon Scientific ;
Date of publication, distribution, etc. c2003.
300 ## - PHYSICAL DESCRIPTION
Extent viii, 470 p. :
Other physical details ill. ;
Dimensions 24 cm.
504 ## - BIBLIOGRAPHY, ETC. NOTE
Bibliography, etc Includes bibliographical references and index.
590 ## - Name of Cataloguer
Name of Cataloger IMRAN
650 #0 - SUBJECT ADDED ENTRY--TOPICAL TERM
Topical term or geographic name as entry element Gene mapping
Form subdivision Laboratory manuals.
650 #0 - SUBJECT ADDED ENTRY--TOPICAL TERM
Topical term or geographic name as entry element Nucleotide sequence
Form subdivision Laboratory manuals.
700 1# - ADDED ENTRY--PERSONAL NAME
Personal name Dunham, Ian.
856 42 - ELECTRONIC LOCATION AND ACCESS
Uniform Resource Identifier <a href="http://www.loc.gov/catdir/enhancements/fy0916/2004353315-d.html">http://www.loc.gov/catdir/enhancements/fy0916/2004353315-d.html</a>
942 ## - ADDED ENTRY ELEMENTS (KOHA)
Source of classification or shelving scheme Dewey Decimal Classification
Koha item type Book
Holdings
Withdrawn status Lost status Source of classification or shelving scheme Damaged status Not for loan Home library Branch Name Shelving location Date acquired Total Checkouts Full call number Barcode Date last seen Price effective from Koha item type
    Dewey Decimal Classification     SAU Library SAU Library General Stacks 29/07/2009   572.8633 GEN 34972 04/02/2015 04/02/2015 Book
    Dewey Decimal Classification     SAU Library SAU Library General Stacks 29/07/2009   572.8633 GEN 4973 04/02/2015 04/02/2015 Book